000 00253nam a22000977a 4500
008 230607b |||||||| |||| 00| 0 eng d
020 _a9789354895869
100 _aAYER SOUMYA
_97682
245 _aTHE GHOST OF MALABAR
260 _aINDIA
_bHARPER COLLINS
_c2022
999 _c12315
_d12315